| 000 | 00582nam a2200205Ia 4500 | ||
|---|---|---|---|
| 003 | LK-CoDNM | ||
| 008 | 010623t2002 xxu||||| |||| 00| 1 sin d | ||
| 040 |
_aLK-CoDNM _dLK-CoDNM _eLK-CoDNM |
||
| 041 | _asin | ||
| 080 |
_a73 _bBAS |
||
| 100 | _aBasnayake,H.T. | ||
| 245 | _aඉන්දියාවේ බෞද්ධ කලා ශිල්ප | ||
| 246 | _aIndiyawee Bauddha Kala Shilpa | ||
| 260 |
_bS.Godage _aColombo _c2002 |
||
| 300 | _bxx,380p,ill., 24 100: 955-205346-3 cm | ||
| 650 | _aAjanta | ||
| 650 | _aArchitecture | ||
| 650 | _aIndian History | ||
| 942 | _cBK | ||
| 999 |
_c121923 _d121923 |
||